00247nam a2200097Ia 4500008004100000100001700041245004500058260002200103942000700125999001700132190216s9999||||xx |||||||||||||| ||und|| aAlam M Jacob 0aAnu Kenthriyashashthravum Riyactarukalum bKerala Basha Inst cBK c38326d38326